Explosives, propellants, and pyrotechnics (Vol-2) / (Record no. 186309)

000 -LEADER
fixed length control field 01213 a2200265 4500
003 - CONTROL NUMBER IDENTIFIER
control field NUST
005 - DATE AND TIME OF LATEST TRANSACTION
control field 20221229154533.0
010 ## - LIBRARY OF CONGRESS CONTROL NUMBER
LC control number 89000535
020 ## - INTERNATIONAL STANDARD BOOK NUMBER
International Standard Book Number 0080362494 :
020 ## - INTERNATIONAL STANDARD BOOK NUMBER
International Standard Book Number 0080362508 (soft) :
040 ## - CATALOGING SOURCE
Transcribing agency Nust
082 00 - DEWEY DECIMAL CLASSIFICATION NUMBER
Classification number 355.84,BAI
100 1# - MAIN ENTRY--PERSONAL NAME
Personal name Bailey, A.
9 (RLIN) 46757
245 10 - TITLE STATEMENT
Title Explosives, propellants, and pyrotechnics (Vol-2) /
Statement of responsibility, etc. A. Bailey and S.G. Murray.
250 ## - EDITION STATEMENT
Edition statement 1st ed.
260 ## - PUBLICATION, DISTRIBUTION, ETC.
Place of publication, distribution, etc. London ;
-- Washington :
Name of publisher, distributor, etc. Brassey's (UK),
Date of publication, distribution, etc. 1989.
300 ## - PHYSICAL DESCRIPTION
Extent xv, 187 p. :
Other physical details ill. ;
Dimensions 26 cm.
440 #0 - SERIES STATEMENT/ADDED ENTRY--TITLE
Title Land warfare, Brassey's new battlefield weapons systems and technology series ;
Volume/sequential designation v. 2
9 (RLIN) 106417
505 ## - FORMATTED CONTENTS NOTE
Formatted contents note The Chemistry and Physics of Explosives (Page-1), The Explosion process: Detonation Shock Effects (Page-21), The Explosion Process: Gas Expansion Effects (Page-49), Initiation of Explosives (Page-59), Gun Propellants (Page-79), Rocket Propellants (Page-99), Pyrotechnics (Page-115) Pyromechanisms (Page-141), The Manufacture and Filling Integrity of Explosives Charges (Page-147).
650 #0 - SUBJECT ADDED ENTRY--TOPICAL TERM
Topical term or geographic name entry element Explosives, Military.
9 (RLIN) 46758
650 #0 - SUBJECT ADDED ENTRY--TOPICAL TERM
Topical term or geographic name entry element Military fireworks.
9 (RLIN) 46759
650 #0 - SUBJECT ADDED ENTRY--TOPICAL TERM
Topical term or geographic name entry element Propellants.
9 (RLIN) 46760
700 1# - ADDED ENTRY--PERSONAL NAME
Personal name Murray, S. G.
9 (RLIN) 46761
942 ## - ADDED ENTRY ELEMENTS (KOHA)
Source of classification or shelving scheme
Koha item type Book
Call number prefix 355.84,BAI
Holdings
Withdrawn status Lost status Source of classification or shelving scheme Damaged status Not for loan Permanent Location Current Location Shelving location Date acquired Full call number Barcode Date last seen Price effective from Koha item type Public note
          Military College of Signals (MCS) Military College of Signals (MCS) General Stacks 12/12/2016 355.84,BAI MCS21429 12/08/2016 12/12/2016 Book Almirah No.53, Shelf No.4
© 2023 Central Library, National University of Sciences and Technology. All Rights Reserved.